00390pam a2200145a 44500008004100000020000900041041000800050082001200058100004700070245007500117250000600192260002900198300000800227650000900235230515b1996 xxu||||| |||| 00| 0 eng d aNULL aENG a618.978 aCard K. taketoma j. s. hodding d. m. kuaus aLexl comps clinical reference library pediatric dosage hand book 3rded a0 aNULLb"APHA, nd, "c1996 a895 aN.D.